000 00875nam a2200241Ii 4500
003 JO-AjNU
008 230605s9999||||xx |||||||||||||| ||und||
017 _a17/1534
020 _a9960-687-33-3
040 _aJO-AjNU
_bara
_erda
_cJO-AjNU
041 _aara
050 1 4 _aBP52.5.N34.1997
100 3 _aالنحوي،عدنان علي رضا,
_eauthor
_915449
245 0 0 _aالتعامل مع مجتمع غير مسلم من خلال الإنتماء الصادق الى الإسلام
250 _aط1
264 3 1 _aالرياض:مكتبة الملك فهد الوطنية ،1997
300 _a204ص
336 _atext
_btxt
_2rdacontent
337 _aunmediated
_bn
_2rdamedia
338 _avolume
_bnc
_2rdacarrier
490 0 _aالى لقاء المؤمنين وبناء الجيل المؤمن
650 4 _aالاسلام-الدعوة الاسلامية
_915450
999 _aA4366
_c7934
_d7934